Agent tore down rival 'For Sale' sign (Record no. 68012)
[ view plain ]
| 000 -LEADER | |
|---|---|
| fixed length control field | 00825cam a2200217 4500 |
| 001 - CONTROL NUMBER | |
| control field | WB3731-35 |
| 008 - FIXED-LENGTH DATA ELEMENTS--GENERAL INFORMATION | |
| fixed length control field | 010815n2001 000 0 eng u |
| 035 ## - SYSTEM CONTROL NUMBER | |
| System control number | (Sirsi) u114156 |
| 245 ## - TITLE STATEMENT | |
| Title | Agent tore down rival 'For Sale' sign |
| 260 ## - PUBLICATION, DISTRIBUTION, ETC. | |
| Date of publication, distribution, etc. | 2001 |
| 490 ## - SERIES STATEMENT | |
| Series statement | Times |
| Volume/sequential designation | 15 August 2001, 3(1) |
| 520 ## - SUMMARY, ETC. | |
| Summary, etc. | Pettengells Property Services was fined £1,400 after the assistant manager pulled down rival firm, TA Winney Estate Agent's 'For Sale' board. The National Association of Estate Agents concluded that Pettengells breached its code of conduct. Pettengels plans to appeal. |
| 590 ## - LOCAL NOTE (RLIN) | |
| Local note | WB |
| 650 ## - SUBJECT ADDED ENTRY--TOPICAL TERM | |
| Topical term or geographic name entry element | CODE OF CONDUCT |
| 650 ## - SUBJECT ADDED ENTRY--TOPICAL TERM | |
| Topical term or geographic name entry element | ESTATE AGENTS |
| 650 ## - SUBJECT ADDED ENTRY--TOPICAL TERM | |
| Topical term or geographic name entry element | FOR SALE BOARDS |
| 650 ## - SUBJECT ADDED ENTRY--TOPICAL TERM | |
| Topical term or geographic name entry element | FINES |
| 650 ## - SUBJECT ADDED ENTRY--TOPICAL TERM | |
| Topical term or geographic name entry element | RESIDENTIAL SALES |
| 690 ## - LOCAL SUBJECT ADDED ENTRY--TOPICAL TERM (OCLC, RLIN) | |
| Topical term or geographic name as entry element | MANAGEMENT-BUSINESS MANAGEMENT-PROFESSIONAL PRACTICE |
| 942 ## - ADDED ENTRY ELEMENTS (KOHA) | |
| Suppress in OPAC | 0 |
| Withdrawn status | Lost status | Source of classification or shelving scheme | Damaged status | Not for loan | Home library | Current library | Shelving location | Date acquired | Total Checkouts | Full call number | Barcode | Date last seen | Copy number | Price effective from | Koha item type |
|---|---|---|---|---|---|---|---|---|---|---|---|---|---|---|---|
| Dewey Decimal Classification | London | London | News article | 15/08/2001 | WB3731-35 | 114156-1001 | 06/08/2019 | 1 | 06/08/2019 | News article |